LEADER 01773nas 2200433-a 450 001 9910693334003321 005 20240413025256.0 035 $a(CKB)991042726045484 035 $a(CONSER)---79643588- 035 $a(EXLCZ)99991042726045484 100 $a20790424b19781981 -a- a 101 0 $aeng 181 $ctxt$2rdacontent 182 $cc$2rdamedia 183 $acr$2rdacarrier 200 10$aAnnual report ... of the Secretary of the Interior under the Surface Mining Control and Reclamation Act of 1977 $ePublic Law 95-87 /$fOffice of Surface Mining 210 $aWashington, D.C. $cThe Office$d1979-[1982] 215 $a1 online resource 300 $aTitle from cover. 300 $aDistributed to depository libraries in microfiche. 311 08$aPrint version: Annual report ... of the Secretary of the Interior under the Surface Mining Control and Reclamation Act of 1977 : 0193-4767 (DLC) 79643588 (OCoLC)4890634 531 $aANNUAL REPORT OF THE SECRETARY OF THE INTERIOR UNDER THE SURFACE MINING CONTROL AND RECLAMATION ACT OF 1977 606 $aStrip mining$zUnited States$vPeriodicals 606 $aMining law$zUnited States$vPeriodicals 606 $aMining law$2fast$3(OCoLC)fst01022931 606 $aStrip mining$2fast$3(OCoLC)fst01135439 607 $aUnited States$2fast 608 $aPeriodicals.$2fast 608 $aPeriodicals.$2lcgft 615 0$aStrip mining 615 0$aMining law 615 7$aMining law. 615 7$aStrip mining. 676 $a353.0082/382043/06 906 $aJOURNAL 912 $a9910693334003321 920 $aexl_impl conversion 996 $aAnnual report ... of the Secretary of the Interior under the Surface Mining Control and Reclamation Act of 1977$93330971 997 $aUNINA